000 00666cam a2200241 4500
008 090401t1993 xxu||||| |||| 00| 0 eng d
020 _a0421484306
035 _a(Sirsi) u14271
041 _aeng
050 _a346.4104344
100 _aMegarry, Robert
_cSir
245 4 _aThe rent acts by R.E. Megarry ... Third cumulative supplement (to January 1, 1993) by T.M. Fancourt.
260 _aLondon
_bStevens and Sons Limited
_c1993
300 _axxxii,256p. ; 25cm.
350 _a35
650 _aLAW
650 _aRENT ACTS
650 _aRENT
690 _aPROPERTY-LANDLORD AND TENANT
700 _aFancourt, T.M.
942 _n0
948 _c04/03/1997
999 _c87166
_d87166